<?xml version="1.0" encoding="UTF-8"?>
<record
    xmlns:xsi="http://www.w3.org/2001/XMLSchema-instance"
    xsi:schemaLocation="http://www.loc.gov/MARC21/slim http://www.loc.gov/standards/marcxml/schema/MARC21slim.xsd"
    xmlns="http://www.loc.gov/MARC21/slim">

  <leader>01314nam a2200313 i 4500</leader>
  <controlfield tag="003">EG-GICUC</controlfield>
  <controlfield tag="005">20260121101147.0</controlfield>
  <controlfield tag="008">251105s19--    mr ||||fr|||| 000 0 ara d</controlfield>
  <datafield tag="040" ind1=" " ind2=" ">
    <subfield code="a"> EG-GICUC</subfield>
    <subfield code="c"> EG-GICUC</subfield>
    <subfield code="d"> EG-GICUC</subfield>
    <subfield code="e">rda</subfield>
  </datafield>
  <datafield tag="041" ind1="0" ind2=" ">
    <subfield code="a">ara</subfield>
  </datafield>
  <datafield tag="082" ind1="0" ind2="4">
    <subfield code="2">21</subfield>
    <subfield code="a">257.1</subfield>
    <subfield code="b">&#x627; &#x644; . &#x646;</subfield>
  </datafield>
  <datafield tag="092" ind1="0" ind2="4">
    <subfield code="2">21</subfield>
  </datafield>
  <datafield tag="099" ind1=" " ind2=" ">
    <subfield code="a">Law1 01 257.1 &#x627; &#x644; . &#x646; [1900]</subfield>
  </datafield>
  <datafield tag="100" ind1="3" ind2=" ">
    <subfield code="a">&#x627;&#x644;&#x627;&#x62F;&#x631;&#x64A;&#x633;&#x64A;</subfield>
    <subfield code="e">&#x645;&#x624;&#x644;&#x641;.</subfield>
  </datafield>
  <datafield tag="245" ind1="1" ind2="0">
    <subfield code="a">&#x646;&#x638;&#x627;&#x645; &#x627;&#x644;&#x62D;&#x643;&#x648;&#x645;&#x629; &#x627;&#x644;&#x646;&#x628;&#x648;&#x64A;&#x629;.</subfield>
    <subfield code="n">&#x627;&#x644;&#x62C;&#x632;&#x621; &#x627;&#x644;&#x62B;&#x627;&#x646;&#x64A; / </subfield>
    <subfield code="b">&#x644;&#x644;&#x634;&#x64A;&#x62E; &#x627;&#x644;&#x623;&#x643;&#x628;&#x631; &#x645;&#x648;&#x644;&#x627;&#x646;&#x627; &#x639;&#x628;&#x62F; &#x627;&#x644;&#x62D;&#x64A; &#x628;&#x646; &#x631;&#x628;&#x627;&#x646;&#x64A; &#x627;&#x644;&#x627;&#x645;&#x629; &#x634;&#x64A;&#x62E; &#x627;&#x644;&#x645;&#x634;&#x627;&#x64A;&#x62E; &#x645;&#x648;&#x644;&#x627;&#x646;&#x627; &#x639;&#x628;&#x62F;&#x627;&#x644;&#x643;&#x628;&#x64A;&#x631; &#x627;&#x644;&#x643;&#x62A;&#x627;&#x646;&#x64A; &#x627;&#x644;&#x627;&#x62F;&#x631;&#x64A;&#x633;&#x64A; &#x627;&#x644;&#x62D;&#x633;&#x646;&#x64A; &#x627;&#x644;&#x641;&#x627;&#x633;&#x64A;. </subfield>
  </datafield>
  <datafield tag="246" ind1="2" ind2="3">
    <subfield code="a">&#x627;&#x644;&#x645;&#x633;&#x645;&#x64A;  (&#x627;&#x644;&#x62A;&#x631;&#x627;&#x62A;&#x64A;&#x628; &#x627;&#x644;&#x627;&#x62F;&#x627;&#x631;&#x64A;&#x629;)</subfield>
  </datafield>
  <datafield tag="264" ind1=" " ind2="1">
    <subfield code="a">&#x627;&#x644;&#x631;&#x628;&#x627;&#x637; : </subfield>
    <subfield code="b">&#x627;&#x627;&#x645;&#x637;&#x628;&#x639;&#x629; &#x627;&#x644;&#x648;&#x637;&#x646;&#x64A;&#x629;&#x60C; </subfield>
    <subfield code="c">[1900].</subfield>
  </datafield>
  <datafield tag="300" ind1=" " ind2=" ">
    <subfield code="a">521 &#x635;&#x641;&#x62D;&#x629; : </subfield>
    <subfield code="b">&#x635;&#x641;&#x62D;&#x627;&#x62A; &#x63A;&#x64A;&#x631; &#x645;&#x631;&#x642;&#x645;&#x629; &#x61B; </subfield>
    <subfield code="c">24 &#x633;&#x645;.</subfield>
  </datafield>
  <datafield tag="336" ind1=" " ind2=" ">
    <subfield code="2">rda content</subfield>
    <subfield code="a">text</subfield>
  </datafield>
  <datafield tag="337" ind1=" " ind2=" ">
    <subfield code="2">rda media</subfield>
    <subfield code="a">Computer</subfield>
  </datafield>
  <datafield tag="338" ind1=" " ind2=" ">
    <subfield code="2">rda carrier</subfield>
    <subfield code="a">Online Resource</subfield>
  </datafield>
  <datafield tag="504" ind1=" " ind2=" ">
    <subfield code="a">&#x64A;&#x634;&#x62A;&#x645;&#x644; &#x639;&#x644;&#x649; &#x625;&#x631;&#x62C;&#x627;&#x639;&#x627;&#x62A; &#x628;&#x628;&#x644;&#x64A;&#x648;&#x62C;&#x631;&#x627;&#x641;&#x64A;&#x629;.

</subfield>
  </datafield>
  <datafield tag="546" ind1=" " ind2=" ">
    <subfield code="a">&#x627;&#x644;&#x646;&#x635; &#x628;&#x627;&#x644;&#x644;&#x63A;&#x629; &#x627;&#x644;&#x639;&#x631;&#x628;&#x64A;&#x629;</subfield>
  </datafield>
  <datafield tag="650" ind1="1" ind2=" ">
    <subfield code="a"> &#x627;&#x644;&#x646;&#x638;&#x627;&#x645; &#x627;&#x644;&#x633;&#x64A;&#x627;&#x633;&#x64A;</subfield>
    <subfield code="2">qrmak</subfield>
  </datafield>
  <datafield tag="651" ind1="1" ind2=" ">
    <subfield code="2">qrmak</subfield>
  </datafield>
  <datafield tag="856" ind1="4" ind2="0">
    <subfield code="u">https://fll.law.cu.edu.eg/fulltext/bks/B01-03142.pdf</subfield>
  </datafield>
  <datafield tag="905" ind1=" " ind2=" ">
    <subfield code="a">Omar</subfield>
  </datafield>
  <datafield tag="942" ind1=" " ind2=" ">
    <subfield code="2">ddc</subfield>
    <subfield code="n">0</subfield>
    <subfield code="c">BK</subfield>
    <subfield code="e">21</subfield>
  </datafield>
  <datafield tag="999" ind1=" " ind2=" ">
    <subfield code="c">41184</subfield>
    <subfield code="d">41184</subfield>
  </datafield>
  <datafield tag="952" ind1=" " ind2=" ">
    <subfield code="0">0</subfield>
    <subfield code="1">0</subfield>
    <subfield code="2">ddc</subfield>
    <subfield code="4">0</subfield>
    <subfield code="7">1</subfield>
    <subfield code="8">&#x627;&#x644;&#x634;&#x631;&#x64A;&#x639;&#x629; &#x627;&#x644;&#x625;&#x633;&#x644;&#x627;&#x645;&#x64A;&#x629;</subfield>
    <subfield code="a">CU</subfield>
    <subfield code="b">LAW1</subfield>
    <subfield code="d">2025-11-05</subfield>
    <subfield code="l">0</subfield>
    <subfield code="o">Law1 01 257.1 &#x627; &#x644; . &#x646; [1900] 0103142 V2, C1</subfield>
    <subfield code="p">B01-03142</subfield>
    <subfield code="r">2025-11-05 16:58:45</subfield>
    <subfield code="t">1</subfield>
    <subfield code="w">2025-11-05</subfield>
    <subfield code="y">BK</subfield>
  </datafield>
</record>
